[Event "Nova Gorica op 22nd"]
[Site "Nova Gorica"]
[Date "2017.02.01"]
[Round "8"]
[White "Brilej, Jaka"]
[Black "Nemec, Hana"]
[Result "1/2-1/2"]
[WhiteElo "2028"]
[BlackElo "1950"]
[PlyCount "69"]
[EventDate "2017.01.27"]
[EventType "swiss"]
[EventRounds "9"]
[EventCountry "SLO"]
[SourceTitle "CBM 176 Extra"]
[Source "ChessBase"]
[SourceDate "2017.03.02"]
[SourceVersion "1"]
[SourceVersionDate "2017.03.02"]
[SourceQuality "1"]

1. e4 e5 2. Nf3 Nc6 3. d4 exd4 4. Nxd4 Nf6 5. Nxc6 bxc6 6. e5 Qe7 7. Qe2 Nd5 8. c4 Ba6 9. Nd2 g6 10. Nf3 Nb6 11. b3 Bg7 12. Bg5 Qe6 13. 0-0-0 0-0 14. Re1 Rfe8 15. h4 Bb7 16. h5 c5 17. hxg6 fxg6 18. Bf4 Bxf3 19. gxf3 d6 20. Bh3 Qf7 21. Qe4 Bxe5 22. Bxe5 Rxe5 23. Qh4 Rae8 24. Re4 Rxe4 25. fxe4 Nd7 26. Bxd7 Qxd7 27. f3 Re5 28. Qf6 Qe7 29. Qxe7 Rxe7 30. Kd2 Kg7 31. Ke3 Kf6 32. Kf4 h5 33. Ke3 Re5 34. f4 Re7 35. Kf3 1/2-1/2

[Event "Nova Gorica op 22nd"]
[Site "Nova Gorica"]
[Date "2017.01.28"]
[Round "3"]
[White "Nemec, Hana"]
[Black "Debevec, Blaz"]
[Result "0-1"]
[WhiteElo "1950"]
[BlackElo "2180"]
[PlyCount "78"]
[EventDate "2017.01.27"]
[EventType "swiss"]
[EventRounds "9"]
[EventCountry "SLO"]
[SourceTitle "CBM 176 Extra"]
[Source "ChessBase"]
[SourceDate "2017.03.02"]
[SourceVersion "1"]
[SourceVersionDate "2017.03.02"]
[SourceQuality "1"]

1. d4 d6 2. Nf3 g6 3. c4 Bg7 4. Nc3 Bg4 5. h3 Bxf3 6. exf3 e6 7. Be3 Ne7 8. Bd3 d5 9. cxd5 Nxd5 10. Nxd5 Qxd5 11. 0-0 c6 12. Be4 Qb5 13. Qc2 0-0 14. Rab1 Nd7 15. b4 Nb6 16. Bd3 Qd5 17. Rfd1 a6 18. a4 Rfd8 19. Be4 Qd7 20. b5 cxb5 21. axb5 a5 22. d5 Nxd5 23. Bxd5 exd5 24. Bb6 Rdc8 25. Qd2 a4 26. Qxd5 Qxd5 27. Rxd5 Rc4 28. Rd2 Rac8 29. Kh2 Rc2 30. Rd3 Rb2 31. Rbd1 Be5+ 32. f4 Bxf4+ 33. g3 Be5 34. Be3 h5 35. Kg2 Rxb5 36. Rd5 Rxd5 37. Rxd5 Bc3 38. Bc5 b5 39. Ba3 b4 0-1

[Event "SLO-chT (Women)"]
[Site "Domzale"]
[Date "2016.04.17"]
[Round "7.11"]
[White "Maric, Katarina"]
[Black "Nemec, Hana"]
[Result "0-1"]
[WhiteElo "1978"]
[BlackElo "1989"]
[PlyCount "100"]
[EventDate "2016.04.01"]
[EventType "team-tourn"]
[EventRounds "7"]
[EventCountry "SLO"]
[SourceTitle "EXT 2019"]
[Source "ChessBase"]
[SourceDate "2018.10.10"]
[SourceVersion "1"]
[SourceVersionDate "2018.10.10"]
[SourceQuality "1"]
[WhiteTeam "Ptuj (W)"]
[BlackTeam "Pomgrad Radenska (W)"]
[WhiteTeamCountry "SLO"]
[BlackTeamCountry "SLO"]

1. e4 e6 2. d3 d5 3. Nd2 Nf6 4. Ngf3 c5 5. g3 Nc6 6. Bg2 Be7 7. 0-0 0-0 8. e5 Nd7 9. Re1 Qc7 10. Qe2 b5 11. h4 a5 12. Bh3 Ba6 13. Nf1 b4 14. c3 a4 15. a3 Rfb8 16. Bf4 bxc3 17. bxc3 Rb3 18. Qc2 Qa5 19. Bd2 Qb5 20. d4 cxd4 21. Nxd4 Nxd4 22. cxd4 Bxa3 23. Be3 Rc8 24. Qd1 Bb2 25. Qg4 Bxa1 26. Bh6 g6 27. Rxa1 Qe2 28. Qg5 Rb2 29. Nd2 Rxd2 30. Qxd2 Qxd2 31. Bxd2 Bb5 32. Rb1 Bc4 33. Rb7 Nb8 34. Bf1 Bb3 35. Bb5 a3 36. Ra7 a2 37. Ra8 Kg7 38. Kg2 h6 39. Bb4 Nd7 40. Rxc8 a1Q 41. Bxd7 Bc4 42. Be7 Qf1+ 43. Kh2 Qxf2+ 44. Kh1 g5 45. h5 Qf3+ 46. Kg1 Qxh5 47. Ba4 Qf3 48. Bf6+ Kg6 49. Rg8+ Kf5 50. Bc2+ Kg4 0-1

[Event "SLO-chT (Women)"]
[Site "Domzale"]
[Date "2016.04.02"]
[Round "2.2"]
[White "Mar, Karmen"]
[Black "Nemec, Hana"]
[Result "1-0"]
[WhiteElo "2074"]
[BlackElo "1989"]
[PlyCount "113"]
[EventDate "2016.04.01"]
[EventType "team-tourn"]
[EventRounds "7"]
[EventCountry "SLO"]
[SourceTitle "EXT 2019"]
[Source "ChessBase"]
[SourceDate "2018.10.10"]
[SourceVersion "1"]
[SourceVersionDate "2018.10.10"]
[SourceQuality "1"]
[WhiteTeam "Kocevje (W)"]
[BlackTeam "Pomgrad Radenska (W)"]
[WhiteTeamCountry "SLO"]
[BlackTeamCountry "SLO"]

1. e4 e6 2. d4 d5 3. Nc3 Nf6 4. Bg5 Be7 5. Bxf6 Bxf6 6. Nf3 0-0 7. Bd3 c5 8. e5 Be7 9. h4 h6 10. Qd2 c4 11. Be2 Qa5 12. Nh2 f5 13. exf6 Bxf6 14. Ng4 Nc6 15. Nxf6+ Rxf6 16. Bf3 Bd7 17. Ne2 Qxd2+ 18. Kxd2 Ne7 19. Rae1 Rc8 20. Ng3 g6 21. c3 Rc6 22. Nf1 Rb6 23. Kc1 Rf4 24. Ne3 Nf5 25. Ng4 Bc8 26. Bd1 h5 27. g3 Rxg4 28. Bxg4 hxg4 29. h5 Kg7 30. hxg6 Kxg6 31. Rh8 Bd7 32. Rg8+ Ng7 33. Ra8 a6 34. Rh1 e5 35. dxe5 Re6 36. Rd8 Bc6 37. Rh4 Kg5 38. Rg8 Rg6 39. e6 Nxe6 40. Rxg6+ Kxg6 41. Rxg4+ Kf5 42. Rg8 Nc5 43. g4+ Kf4 44. Kd2 Bd7 45. f3 Kxf3 46. g5 Kf4 47. g6 Kg5 48. Ke3 Be6 49. Rg7 Kf6 50. Rc7 Nd3 51. g7 Bf7 52. Rxb7 Kxg7 53. Rb6 a5 54. Ra6 Nxb2 55. Rxa5 Kf6 56. Rb5 Na4 57. Kd4 1-0

[Event "EU-ch U16 Girls 25th"]
[Site "Porec"]
[Date "2015.09.22"]
[Round "2"]
[White "Tishova, Svetlana"]
[Black "Nemec, Hana"]
[Result "1-0"]
[WhiteElo "2058"]
[BlackElo "1918"]
[PlyCount "169"]
[EventDate "2015.09.21"]
[EventType "swiss"]
[EventRounds "9"]
[EventCountry "CRO"]
[SourceTitle "EXT 2016"]
[Source "ChessBase"]
[SourceDate "2015.10.08"]
[SourceVersion "1"]
[SourceVersionDate "2015.10.08"]
[SourceQuality "1"]

1. e4 e6 2. d4 d5 3. Nc3 dxe4 4. Nxe4 Nd7 5. Nf3 Ngf6 6. Nxf6+ Nxf6 7. g3 h6 8. Bg2 Bd6 9. 0-0 0-0 10. Qe2 Qe7 11. c4 c6 12. Rd1 Re8 13. Ne5 Nd7 14. Bf4 Nxe5 15. dxe5 Bc7 16. h4 Bd7 17. Qe3 Bb6 18. c5 Bxc5 19. Rxd7 Bxe3 20. Rxe7 Bxf2+ 21. Kxf2 Rxe7 22. Be3 Rd7 23. Ke2 Rad8 24. Rc1 Rc8 25. a3 a6 26. Rc2 Rcd8 27. Rc1 Rc8 28. Bf3 Kh7 29. Be4+ Kg8 30. b4 Rcd8 31. a4 Ra8 32. Rc5 h5 33. Bf3 g6 34. Be4 Rad8 35. Rc1 Ra8 36. a5 Rc8 37. Bb6 Re8 38. Rc3 Kg7 39. Rf3 Kg8 40. Rf1 Kg7 41. Be3 Rc8 42. Bc5 Rcd8 43. Bd6 Kh7 44. Kd2 f5 45. Bg2 Kg7 46. Ke3 Kh7 47. Rd1 Kg7 48. Bf3 Kf7 49. Rd4 Rg8 50. Kd3 Rc8 51. Kc4 Ke8 52. Kc5 Kf7 53. Kb6 Rcd8 54. Rd1 Kg7 55. Rc1 Rc8 56. Rc5 Kh6 57. b5 axb5 58. a6 bxa6 59. Bxc6 Rf7 60. Kxa6 b4 61. Rc4 b3 62. Kb6 g5 63. Rb4 gxh4 64. gxh4 Rg8 65. Rxb3 Rfg7 66. Bf3 Rg3 67. Kc6 Rh3 68. Bd5 Rxb3 69. Bxb3 Rg6 70. Be7 Kg7 71. Bd1 Rh6 72. Bg5 Rh7 73. Kd6 Kf7 74. Bb3 Rh8 75. Bxe6+ Kg6 76. Bd5 Rf8 77. Ke7 Rb8 78. Bf7+ Kg7 79. Bxh5 f4 80. Bxf4 Rh8 81. Bf3 Rxh4 82. Bg5 Ra4 83. Bc6 Ra5 84. Bf6+ Kg8 85. Bd7 1-0

[Event "SLO-chT U16 Girls"]
[Site "Debeli Rtic"]
[Date "2015.05.17"]
[Round "5"]
[White "Urbanc, Ana"]
[Black "Nemec, Hana"]
[Result "1/2-1/2"]
[WhiteElo "1522"]
[BlackElo "1912"]
[PlyCount "81"]
[EventDate "2015.05.15"]
[EventType "swiss"]
[EventRounds "6"]
[EventCountry "SLO"]
[SourceTitle "EXT 2023"]
[Source "ChessBase"]
[SourceDate "2022.10.05"]
[SourceVersion "1"]
[SourceVersionDate "2022.10.05"]
[SourceQuality "1"]

1. e4 e6 2. d4 d5 3. exd5 exd5 4. Bd3 Bd6 5. Ne2 Ne7 6. 0-0 Nbc6 7. c3 0-0 8. Bf4 Ng6 9. Bxd6 Qxd6 10. Na3 Be6 11. Nc2 Rfe8 12. Re1 Re7 13. Qd2 Rae8 14. Ne3 Nf4 15. Nxf4 Qxf4 16. Nf1 Qxd2 17. Nxd2 Bf5 18. Rxe7 Nxe7 19. Bxf5 Nxf5 20. Kf1 f6 21. Re1 Kf7 22. Rxe8 Kxe8 23. Ke2 Ke7 24. Nf3 Nd6 25. Nd2 Nf5 26. Nf3 Ke6 27. Ne1 Nd6 28. Nd3 c6 29. Ke3 Kf5 30. Kf3 g5 31. g4+ Kg6 32. Kg2 h5 33. h3 hxg4 34. hxg4 Nc4 35. f3 f5 36. Kf2 f4 37. Ke2 Kf6 38. b3 Ne3 39. a4 Ke6 40. Kd2 Kd7 41. Ne5+ 1/2-1/2

[Event "SLO-chT2 East"]
[Site "Slovenia"]
[Date "2014.10.11"]
[Round "5"]
[White "Nemec, Hana"]
[Black "Licina, Milos"]
[Result "1/2-1/2"]
[WhiteElo "1760"]
[BlackElo "1910"]
[PlyCount "90"]
[EventDate "2014.09.13"]
[EventType "team-tourn"]
[EventRounds "9"]
[EventCountry "SLO"]
[SourceTitle "EXT 2019"]
[Source "ChessBase"]
[SourceDate "2018.10.10"]
[SourceVersion "1"]
[SourceVersionDate "2018.10.10"]
[SourceQuality "1"]
[WhiteTeam "Pomgrad Radenska III"]
[BlackTeam "Ptuj II"]
[WhiteTeamCountry "SLO"]
[BlackTeamCountry "SLO"]

1. d4 d5 2. c4 e6 3. Nc3 Nf6 4. Bg5 Nbd7 5. Nf3 Be7 6. e3 b6 7. Bd3 Bb7 8. 0-0 h6 9. Bh4 0-0 10. Rc1 dxc4 11. Bxc4 c5 12. Qe2 Ne4 13. Bxe7 Qxe7 14. Rfd1 Nxc3 15. Rxc3 Rac8 16. Ba6 Bxa6 17. Qxa6 Nb8 18. Qa3 Rfd8 19. Rdc1 a5 20. dxc5 Rxc5 21. Rxc5 Qxc5 22. Qxc5 bxc5 23. h3 Rc8 24. Ne5 Rc7 25. Rc4 Kf8 26. a3 Ke7 27. Ra4 Ra7 28. b4 cxb4 29. axb4 f6 30. Nc4 Nc6 31. bxa5 Kd7 32. Kf1 Kc7 33. Ke2 Kb7 34. a6+ Kc7 35. Kf3 Nb8 36. Kg4 g6 37. e4 h5+ 38. Kf4 e5+ 39. Kg3 Rxa6 40. Rxa6 Nxa6 41. f4 exf4+ 42. Kxf4 Kd7 43. e5 Ke6 44. exf6 Kxf6 45. h4 Nc5 1/2-1/2